000 00536nam a22001817a 4500
005 20231030093054.0
008 231030b |||||||| |||| 00| 0 eng d
020 _a0409011037
041 _aEnglish
082 _a347.7 AML
100 _aHarms, LTC
_lEnglish
245 _aAmler's Precedents of Pleadings /
_cLTC Harms
250 _aFourth Edition
260 _aDurban :
_bButterworth Publishers (Pty) Ltd,
_c1993
300 _bx, 417 pages ;
_c25,4 cm.
650 _alegal practice
_bLaw
942 _cBK
_6ALISON_BN_VRIES
999 _c132
_d132